[Event "Olimpiade 2014 - Open"]
[Site "Tromsø"]
[Date "03.08.2014"]
[Round "2.57"]
[Board "2"]
[White "Shehab, Ibrahim"]
[Black "Lorne, Malaku"]
[Result "0-1"]
[WhiteElo "2036"]
[BlackElo "2056"]
[WhiteTeam "Kuwait"]
[BlackTeam "Jamaica"]
[WhiteFideId "10300082"]
[BlackFideId "7400330"]
[EventDate "2014.08.02"]

1. d4 Nf6 2. c4 e6 3. Nc3 Bb4 4. Qc2 c5 5. e3 Nc6 6. Nf3 O-O 7. a3 Bxc3+ 8. bxc3
d6 9. Bd3 e5 10. d5 Na5 11. Ng5 h6 12. h4 Qe7 13. Nh7 Nxh7 14. Bxh7+ Kh8 15. Bd3
b6 16. e4 f5 17. Qe2 f4 18. Rb1 Qe8 19. Bb2 Ba6 20. Rh3 Qa4 21. Bc2 Qe8 22. Bd3
Bc8 23. Rh1 Qa4 24. Bc2 Qe8 25. Bd3 f3 26. gxf3 Qh5 27. Bc1 Rxf3 28. Be3 Bg4 29.
Qf1 Raf8 30. Qg1 R3f6 31. Kd2 Rg6 32. Qh2 Bf3 33. Rhg1 Rgf6 34. Qg3 Qf7 35. Kc2
Qd7 36. Kd2 R8f7 37. Rb5 Bxe4 38. Qg4 Bf5 39. Bxf5 Rxf5 40. Qe2 Qe7 41. Rg4 Rf3
42. Qd3 Rh3 43. Qe4 Qf6 44. Rb1 Rf3 45. Rg2 Qf5 46. Qxf5 R3xf5 47. Rg4 h5 48.
Re4 g6 49. Rg1 Kg7 50. Ke2 Nb7 51. Rg5 Nd8 52. Rg2 Rf8 53. Bg5 Nf7 54. Be3 Nh6
55. Bg5 R8f7 56. f3 Rxf3 57. Re3 Rxe3+ 58. Kxe3 Ng4+ 59. Ke4 Kf8 60. Re2 Ke8 61.
Ra2 Rf2 62. Rxf2 Nxf2+ 63. Ke3 Nd1+ 64. Kd3 Nb2+ 65. Kc2 Nxc4 66. Kb3 b5 67. a4
a6 68. axb5 axb5 69. Kc2 Nb6 70. Kd3 Nxd5 71. c4 bxc4+ 72. Kxc4 Nc7 73. Bh6 Kd7
74. Bg5 Kc6 75. Bf6 d5+ 76. Kd3 c4+ 77. Kc3 Kd6 78. Bd8 Ne6 79. Bf6 Nc5 80. Bg7
Ke6 81. Kb4 Ne4 82. Bh6 Kf5 83. Bc1 Kg4 84. Kb5 c3 0-1

[Event "Olimpiade 2014 - Open"]
[Site "Tromsø"]
[Date "03.08.2014"]
[Round "2.57"]
[Board "3"]
[White "Mellace, Andrew"]
[Black "Al Khateeb, Taher"]
[Result "1/2-1/2"]
[WhiteElo "2087"]
[BlackElo "1972"]
[WhiteTeam "Jamaica"]
[BlackTeam "Kuwait"]
[WhiteFideId "7400055"]
[BlackFideId "10300058"]
[EventDate "2014.08.02"]

1. e4 c5 2. d4 cxd4 3. c3 dxc3 4. Nxc3 Nc6 5. Nf3 e6 6. Bc4 a6 7. O-O Nge7 8.
Bg5 h6 9. Bh4 b5 10. Bb3 g5 11. Bg3 Ng6 12. Qe2 g4 13. Nd2 h5 14. Nd5 d6 15. Nf4
Nxf4 16. Bxf4 Nd4 17. Qd3 Nxb3 18. Nxb3 e5 19. Bd2 Be6 20. Ba5 Qd7 21. Nd2 Rc8
22. Rac1 Be7 23. Qe3 Rg8 24. b3 h4 25. g3 hxg3 26. hxg3 Rh8 27. Kg2 Rxc1 28.
Rxc1 Bd8 29. Bc3 f5 30. Rh1 Rxh1 31. Kxh1 Qh7+ 32. Kg1 fxe4 33. Nf1 Qf5 34. Qh6
Bb6 35. Ne3 Bxe3 36. Qxe3 Qf3 37. Kf1 Bf5 38. Ke1 Qh1+ 39. Ke2 Qb1 40. Qd2 Qd3+
41. Ke1 Qxd2+ 42. Kxd2 Kd7 43. a4 Ke6 44. axb5 axb5 45. Ba5 Kd5 46. Ke3 Bg6 47.
b4 Ke6 48. Bc7 d5 49. Bb8 d4+ 50. Kd2 Kd5 51. Bc7 Bh7 52. Bb8 Bg6 53. Bc7 Be8
54. Bb8 Bc6 55. Bc7 Ke6 56. Bb8 Bd5 57. Bc7 Bc4 58. Bb8 Bf1 59. Bc7 Kd5 60. Bb8
Bg2 61. Bc7 Bf3 62. Bb8 Kc4 63. Bd6 d3 64. Bc5 Be2 65. Bd6 e3+ 66. fxe3 Kd5 67.
Bb8 Ke4 68. Bc7 Kd5 69. Bb6 Kc4 70. Bc5 Kb3 71. Bd6 Kc4 1/2-1/2

[Event "Olimpiade 2014 - Open"]
[Site "Tromsø"]
[Date "03.08.2014"]
[Round "2.57"]
[Board "4"]
[White "Hashem, Khaled"]
[Black "Wilson, Brandon"]
[Result "0-1"]
[WhiteTitle "CM"]
[WhiteElo "1963"]
[BlackElo "2090"]
[WhiteTeam "Kuwait"]
[BlackTeam "Jamaica"]
[WhiteFideId "10300201"]
[BlackFideId "7400500"]
[EventDate "2014.08.02"]

1. d4 Nf6 2. Nf3 c5 3. e3 g6 4. Bd3 Bg7 5. Nbd2 Nc6 6. c3 d6 7. e4 cxd4 8. cxd4
Bd7 9. O-O O-O 10. Re1 Qc7 11. a3 Nh5 12. d5 Ne5 13. Nxe5 Bxe5 14. Nf3 Bg4 15.
h3 Bxf3 16. Qxf3 Bg7 17. Qe2 Nf6 18. Be3 Rfb8 19. Rac1 Qd8 20. Rc2 a6 21. Rec1
Nd7 22. b4 Rc8 23. f4 Nb6 24. Rxc8 Rxc8 25. Rxc8 Nxc8 26. Qc2 Nb6 27. Kh2 Nd7
28. a4 h5 29. a5 Nf6 30. Qc4 Kh7 31. Bb6 Qd7 32. Qc7 Bh6 33. g3 h4 34. Qxd7 Nxd7
35. Be3 hxg3+ 36. Kxg3 Bg7 37. Bd2 Bd4 38. Kf3 Kg7 39. Be2 Nf6 40. b5 axb5 41.
Bxb5 Bb2 42. Bc6 bxc6 43. a6 Bd4 44. dxc6 Ne8 45. Ba5 Kf6 46. c7 Nxc7 47. Bxc7
Ba7 48. Ba5 Ke6 49. Bd2 Kd7 50. Be3 Bxe3 51. Kxe3 Kc7 52. h4 Kb6 53. Kd4 e6 54.
f5 Kxa6 55. fxg6 fxg6 56. Ke3 Kb5 57. Kf4 d5 58. exd5 exd5 59. Ke5 Kc4 60. Kf6
d4 61. Kxg6 d3 62. h5 d2 63. h6 d1=Q 64. Kg7 Qd4+ 65. Kg8 Qd8+ 66. Kg7 Qg5+ 0-1

[Event "Olimpiade 2014 - Open"]
[Site "Tromsø"]
[Date "03.08.2014"]
[Round "2.58"]
[Board "1"]
[White "Muniz Pardino, Alberto"]
[Black "Asefi, Zaheeruddeen"]
[Result "0-1"]
[BlackTitle "FM"]
[WhiteElo "2106"]
[BlackElo "1996"]
[WhiteTeam "Hong Kong"]
[BlackTeam "Afghanistan"]
[WhiteFideId "2229560"]
[BlackFideId "11700025"]
[EventDate "2014.08.02"]

1. e4 d6 2. d4 g6 3. Nc3 Bg7 4. Bg5 c5 5. d5 a6 6. a4 h6 7. Bf4 Nf6 8. Qd2 Nbd7
9. Nf3 Qa5 10. Ra3 g5 11. Bg3 Nh5 12. Be2 Nf8 13. O-O Ng6 14. Nd1 Qc7 15. Ne3
Bxb2 16. Rb3 Bg7 17. Nc4 Ngf4 18. Rfb1 Nxe2+ 19. Qxe2 Nxg3 20. hxg3 Rb8 21. Rb6
O-O 22. Qd3 Qd7 23. Rxa6 bxa6 24. Rxb8 Qxa4 25. Nb6 Qa1+ 26. Kh2 Bg4 27. Rxf8+
Kxf8 28. Nd2 Qa5 29. Ndc4 Qb5 30. f3 Bd7 31. Nxd7+ Qxd7 32. Qb3 Qb5 33. Na3 Qb4
34. Qd3 Bd4 35. Qxa6 Qe1 36. Qc8+ Kg7 37. Nb5 Qg1+ 38. Kh3 h5 0-1

[Event "Olimpiade 2014 - Open"]
[Site "Tromsø"]
[Date "03.08.2014"]
[Round "2.58"]
[Board "2"]
[White "Kooshani, Mahbuboollah"]
[Black "Yang, Robert Michael"]
[Result "1-0"]
[WhiteTitle "FM"]
[WhiteElo "2036"]
[BlackElo "1945"]
[WhiteTeam "Afghanistan"]
[BlackTeam "Hong Kong"]
[WhiteFideId "11700084"]
[BlackFideId "6002072"]
[EventDate "2014.08.02"]

1. e4 c5 2. Nf3 e6 3. d4 cxd4 4. Nxd4 a6 5. Nc3 Qc7 6. Bd3 Bc5 7. Nb3 Be7 8. Qe2
d6 9. Be3 Nd7 10. O-O Ngf6 11. f4 b5 12. a3 Bb7 13. Nd2 Nc5 14. Rae1 d5 15. e5
Nfd7 16. Bd4 Nxd3 17. cxd3 Bc5 18. Nb3 Bxd4+ 19. Nxd4 g6 20. Rf2 Qb6 21. Qe3
O-O-O 22. b4 Kb8 23. Rc2 Rc8 24. Rec1 Ka8 25. Nce2 Rxc2 26. Rxc2 Rc8 27. Qc1
Rxc2 28. Qxc2 Nb8 29. Kf1 Nc6 30. Nxc6 Qxc6 31. Qxc6 Bxc6 32. Nd4 Kb7 33. Kf2
Kc7 34. g4 Bd7 35. Ke3 Bc8 36. Nf3 h6 37. Kd4 Kc6 38. h4 Bd7 39. h5 Be8 40. g5
hxg5 41. h6 1-0

[Event "Olimpiade 2014 - Open"]
[Site "Tromsø"]
[Date "03.08.2014"]
[Round "2.58"]
[Board "3"]
[White "Chan, Chak Man"]
[Black "Ahmadi, Zabiullah"]
[Result "1-0"]
[WhiteTitle "CM"]
[WhiteElo "1858"]
[BlackElo "2031"]
[WhiteTeam "Hong Kong"]
[BlackTeam "Afghanistan"]
[WhiteFideId "6001300"]
[BlackFideId "11700033"]
[EventDate "2014.08.02"]

1. Nf3 Nf6 2. d4 d5 3. c4 e6 4. g3 Be7 5. Bg2 c6 6. O-O O-O 7. Nc3 dxc4 8. Ne5
Nbd7 9. Nxc4 Nb6 10. Ne5 Nbd5 11. e4 Nb6 12. a4 c5 13. dxc5 Bxc5 14. a5 Nbd7 15.
Nd3 e5 16. Bg5 h6 17. Bxf6 Qxf6 18. Nd5 Qd6 19. Qc2 a6 20. Nxc5 Qxc5 21. Qb3 Qa7
22. Rac1 Rb8 23. Rc7 Nf6 24. Nb6 Be6 25. Qc3 Rfe8 26. Rc1 Bg4 27. Qc4 Be6 28.
Qc5 Bg4 29. f3 Bh5 30. f4 exf4 31. gxf4 Be2 32. e5 Nh7 33. Bd5 Bh5 34. e6 fxe6
35. Bxe6+ Rxe6 36. Qxh5 Rf6 37. Qg4 g5 38. Qd7 1-0

[Event "Olimpiade 2014 - Open"]
[Site "Tromsø"]
[Date "03.08.2014"]
[Round "2.58"]
[Board "4"]
[White "Sarwary, Hamidullah"]
[Black "Wong, Brian"]
[Result "0-1"]
[WhiteElo "1920"]
[BlackElo "1878"]
[WhiteTeam "Afghanistan"]
[BlackTeam "Hong Kong"]
[WhiteFideId "11700580"]
[BlackFideId "6001394"]
[EventDate "2014.08.02"]

1. d4 Nf6 2. c4 d6 3. Nc3 g6 4. e3 Bg7 5. Nf3 O-O 6. Bd3 Na6 7. a3 c5 8. O-O Bd7
9. Re1 Rc8 10. d5 Nc7 11. Rb1 a6 12. b3 b5 13. Bb2 e5 14. dxe6 fxe6 15. e4 Nh5
16. Bc2 Bc6 17. Re3 Ne8 18. Qf1 Bd4 19. Ree1 Qf6 20. Nxd4 cxd4 21. Ne2 e5 22. f3
Nc7 23. Bd3 Ne6 24. Bc1 Nc5 25. Rd1 Nxd3 26. Rxd3 Bxe4 27. Qd1 Bxd3 28. Qxd3 Qf5
29. Qxf5 gxf5 30. Bh6 Rf6 31. Bd2 bxc4 32. bxc4 Rxc4 33. Rb8+ Kg7 34. Bg5 d3 35.
Nc1 e4 36. Bxf6+ Kxf6 37. Rb1 Nf4 38. Kf2 Rc2+ 39. Kg3 Rxc1 40. Rb2 Ne2+ 41. Kf2
Rc2 42. Rb6 Nf4+ 43. Ke1 Nxg2+ 44. Kd1 Ne3+ 45. Ke1 Re2# 0-1

[Event "Olimpiade 2014 - Open"]
[Site "Tromsø"]
[Date "03.08.2014"]
[Round "2.59"]
[Board "1"]
[White "Liu, Yeh Yang"]
[Black "Mooney, Graham"]
[Result "1-0"]
[WhiteElo "1920"]
[BlackElo "1880"]
[WhiteTeam "Chinese Taipei"]
[BlackTeam "Jersey"]
[WhiteFideId "16300416"]
[BlackFideId "15600106"]
[EventDate "2014.08.02"]

1. e4 c5 2. Nf3 g6 3. c3 Bg7 4. d4 cxd4 5. cxd4 d6 6. Nc3 Nf6 7. Be2 O-O 8. O-O
a6 9. Qb3 Nbd7 10. Rd1 Qb6 11. Qa3 Re8 12. h3 Nf8 13. Be3 N6d7 14. Rac1 e6 15.
Nb5 axb5 16. Qxa8 Qa6 17. Qxa6 bxa6 18. Rc7 Nf6 19. Nd2 e5 20. d5 Bd7 21. Ra7
Rc8 22. Bd3 Nh5 23. Rxa6 f5 24. f3 Nf4 25. Bxf4 exf4 26. exf5 Bxf5 27. Bxf5 gxf5
28. Rxd6 Rc2 29. Nb3 Rxb2 30. Rd2 Rb1+ 31. Kf2 Bc3 32. Re2 Ng6 33. Rc6 b4 34. d6
Ne5 35. Rxc3 bxc3 36. Rxe5 Rd1 37. Rc5 1-0

[Event "Olimpiade 2014 - Open"]
[Site "Tromsø"]
[Date "03.08.2014"]
[Round "2.59"]
[Board "2"]
[White "Wojciechowski, Paul"]
[Black "Yang Ching Wei, Austin"]
[Result "1-0"]
[WhiteTitle "CM"]
[WhiteElo "2056"]
[BlackElo "1883"]
[WhiteTeam "Jersey"]
[BlackTeam "Chinese Taipei"]
[WhiteFideId "15600017"]
[BlackFideId "16300440"]
[EventDate "2014.08.02"]

1. e4 e5 2. Nc3 Nc6 3. Bc4 Nf6 4. d3 Bc5 5. Nf3 d6 6. Na4 O-O 7. Nxc5 dxc5 8. h3
Qd6 9. Be3 Na5 10. Nd2 b6 11. O-O Bb7 12. f4 exf4 13. Rxf4 Nd7 14. a4 Ne5 15.
Ba2 Rad8 16. Qh5 c4 17. Rh4 h6 18. d4 Ng6 19. Rg4 Bc8 20. Nxc4 Nxc4 21. Rxg6
fxg6 22. Bxc4+ Be6 23. Qe2 Bxc4 24. Qxc4+ Kh7 25. Re1 Qg3 26. Qe2 c6 27. c4 Rfe8
28. e5 Re6 29. Rf1 a5 30. Rf4 h5 31. Qf2 Qxf2+ 32. Kxf2 c5 33. dxc5 bxc5 34. Re4
Rc8 35. Bd2 Rb8 36. Bc3 Kg8 37. Re2 Kf7 38. Rd2 Ke8 39. Ke3 Rd8 40. Rxd8+ Kxd8
41. Bxa5+ Kd7 42. Bc3 Ra6 43. a5 Ke6 44. Ke4 Rc6 45. Bd2 Rc8 46. a6 Ra8 47. Be3
Rxa6 48. Bxc5 Ra2 49. Bd4 Ra4 50. Kd3 Kd7 51. Bc5 Ra1 52. Ke4 Re1+ 53. Kd5 Re2
54. b4 Rd2+ 55. Bd4 Rxg2 56. b5 g5 57. c5 g4 58. e6+ Kc8 59. hxg4 h4 60. c6 Kd8
61. b6 Re2 62. b7 Kc7 63. Be5+ 1-0

[Event "Olimpiade 2014 - Open"]
[Site "Tromsø"]
[Date "03.08.2014"]
[Round "2.59"]
[Board "3"]
[White "Ho, Jei-Chen"]
[Black "Belzo, Krzysztof"]
[Result "1/2-1/2"]
[WhiteElo "1808"]
[BlackElo "2034"]
[WhiteTeam "Chinese Taipei"]
[BlackTeam "Jersey"]
[WhiteFideId "16300599"]
[BlackFideId "1126768"]
[EventDate "2014.08.02"]

1. d4 c5 2. d5 d6 3. c4 f5 4. Nc3 Nf6 5. Nf3 g6 6. g3 Bg7 7. Bg2 O-O 8. O-O Na6
9. Rb1 Rb8 10. a3 Bd7 11. Qc2 Nc7 12. b4 cxb4 13. axb4 b5 14. cxb5 Nfxd5 15.
Nxd5 Nxd5 16. Qb3 e6 17. Ng5 Rxb5 18. Qc4 Qb8 19. Bd2 h6 20. Nh3 Kh7 21. Qh4 Qd8
22. Bg5 Qb6 23. Bxd5 Rxd5 24. Bxh6 Bxh6 25. Qe7+ Kg8 26. Qxd7 Re5 27. Rbc1 Bxc1
28. Rxc1 Qd8 29. Qxa7 Rf7 30. Qa6 Rc7 31. Rd1 d5 32. Nf4 Kf7 33. b5 Qb8 34. Qd6
Rb7 35. Qc6 Rxb5 36. Qd7+ Kf6 37. Kg2 Rb7 38. Qc6 Qc7 39. Qe8 Qf7 40. Qh8+ Qg7
41. Qd8+ Kf7 42. Qc8 Re7 43. h4 Re4 44. Rb1 Rc4 45. Qd8 Rxf4 46. gxf4 Qd4 47.
Rb8 Qg7 48. e3 Ra7 49. Qe8+ Kf6 50. Qd8+ Kf7 51. Qc8 Re7 52. Ra8 Kf6 53. Qc3+ 1/2-1/2

[Event "Olimpiade 2014 - Open"]
[Site "Tromsø"]
[Date "03.08.2014"]
[Round "2.59"]
[Board "4"]
[White "Forbes, Garry"]
[Black "Liao, Jo-Kai"]
[Result "1-0"]
[WhiteElo "1917"]
[BlackElo "1606"]
[WhiteTeam "Jersey"]
[BlackTeam "Chinese Taipei"]
[WhiteFideId "10700331"]
[BlackFideId "16300343"]
[EventDate "2014.08.02"]

1. d4 d5 2. Nf3 Nf6 3. e3 e6 4. Bd3 Bd6 5. Nbd2 Nbd7 6. b3 O-O 7. Bb2 c5 8. Ne5
b6 9. O-O Bb7 10. f4 a5 11. a4 Ba6 12. c4 dxc4 13. Ndxc4 Bxe5 14. fxe5 Nd5 15.
Rf3 f5 16. exf6 N7xf6 17. Rc1 Nb4 18. Bb1 Rc8 19. Rh3 Bb7 20. dxc5 Rxc5 21. Qxd8
Rxd8 22. Bxf6 gxf6 23. Bxh7+ Kg7 24. Bb1 Bc6 25. Rf1 Rg5 26. Rg3 Rxg3 27. hxg3
Bd5 28. Rd1 Rb8 29. e4 Bxc4 30. Rd7+ Kg8 31. bxc4 Rc8 32. e5 f5 1-0

[Event "Olimpiade 2014 - Open"]
[Site "Tromsø"]
[Date "03.08.2014"]
[Round "2.60"]
[Board "1"]
[White "Lodhi, Mahmood"]
[Black "Li, Hui"]
[Result "1-0"]
[WhiteTitle "IM"]
[WhiteElo "2335"]
[BlackElo "1944"]
[WhiteTeam "Pakistan"]
[BlackTeam "Macau"]
[WhiteFideId "7800010"]
[BlackFideId "15400310"]
[EventDate "2014.08.02"]

1. d4 Nf6 2. Nf3 g6 3. g3 Bg7 4. Bg2 d5 5. O-O O-O 6. c4 c6 7. b3 Ne4 8. Bb2 Bf5
9. Na3 Nd7 10. Nc2 Qa5 11. Ne3 Be6 12. a3 Rfd8 13. Qc2 Rac8 14. Rac1 Qa6 15.
Rfd1 Ndf6 16. Ne5 Nd6 17. Nd3 Bf5 18. Nxf5 Nxf5 19. Nb4 Qb6 20. cxd5 Nxd5 21.
Nxd5 cxd5 22. Qxc8 Rxc8 23. Rxc8+ Bf8 24. Bxd5 e6 25. Bf3 Qxb3 26. Rd2 Nd6 27.
Rc3 Qa4 28. d5 Bg7 29. dxe6 Bxc3 30. Rxd6 fxe6 31. Bxc3 Qxa3 32. Rd8+ Kf7 33.
Rc8 b5 34. Rc7+ Kg8 35. Bg4 Qb3 36. Rc6 Qd1+ 37. Kg2 Qd5+ 38. Bf3 Qb3 39. Rc8+
Kf7 40. Rc7+ Kg8 41. Ba5 a6 42. Rc6 Qa3 43. Rxa6 b4 44. Ra8+ Kf7 45. Bb6 Qc3 46.
Ra7+ Ke8 47. e3 e5 48. Rc7 Qb3 49. Bc6+ Kf8 50. Bc5+ Kg8 51. e4 Qc3 52. Bd5+ Kh8
53. Rc8+ Kg7 54. Bf8+ 1-0

[Event "Olimpiade 2014 - Open"]
[Site "Tromsø"]
[Date "03.08.2014"]
[Round "2.62"]
[Board "1"]
[White "Prasad, Calvin"]
[Black "Samhouri, Bilal"]
[Result "0-1"]
[WhiteTitle "CM"]
[BlackTitle "FM"]
[WhiteElo "2011"]
[BlackElo "2256"]
[WhiteTeam "Fiji"]
[BlackTeam "Jordan"]
[WhiteFideId "11400072"]
[BlackFideId "8100942"]
[EventDate "2014.08.02"]

1. d4 Nf6 2. g3 c5 3. d5 d6 4. Bg2 g6 5. Nf3 Bg7 6. c4 b5 7. cxb5 a6 8. b6 Nbd7
9. Nc3 O-O 10. O-O Qxb6 11. h3 a5 12. a4 Ba6 13. Re1 Rfb8 14. e4 Ne8 15. Ra3 Nc7
16. Bf1 Bxf1 17. Kxf1 Qa6+ 18. Kg2 Rb4 19. h4 Qb7 20. h5 Nf6 21. h6 Bh8 22. Ng5
Nd7 23. f4 Rxb2+ 24. Ne2 Rb1 25. Nc3 Rb2+ 26. Kh3 Rb4 27. Qg4 Nf6 28. Qd1 Qc8+
29. f5 gxf5 30. Kg2 fxe4 31. Ncxe4 Nxe4 32. Nxe4 Qf5 33. Qc2 Qxd5 34. Rf3 Ne6
35. Rd3 Qf5 36. Rf3 Qxf3+ 0-1

[Event "Olimpiade 2014 - Open"]
[Site "Tromsø"]
[Date "03.08.2014"]
[Round "2.62"]
[Board "2"]
[White "Mansour, Sameer"]
[Black "Kumar, Manoj"]
[Result "1-0"]
[WhiteTitle "FM"]
[BlackTitle "CM"]
[WhiteElo "2249"]
[BlackElo "1987"]
[WhiteTeam "Jordan"]
[BlackTeam "Fiji"]
[WhiteFideId "8100144"]
[BlackFideId "11400064"]
[EventDate "2014.08.02"]

1. e4 e5 2. Bc4 Nf6 3. d3 Nc6 4. Nf3 Bc5 5. O-O d6 6. c3 Bg4 7. Nbd2 O-O 8. h3
Bd7 9. b4 Bb6 10. Bb3 a6 11. Nc4 Ba7 12. Bg5 h6 13. Bh4 Be6 14. Ne3 Re8 15. Nd5
Bxd5 16. Bxd5 Qe7 17. Bb3 Nb8 18. Nh2 Nbd7 19. Ng4 Kh8 20. Kh1 g5 21. Nxh6 gxh4
22. Nf5 Qf8 23. f4 Qg8 24. Nh6 Qh7 25. Nxf7+ Kg7 26. fxe5 Nh5 27. Qg4+ Qg6 28.
Qxd7 Ng3+ 29. Kh2 Nxf1+ 30. Rxf1 Qg3+ 31. Kh1 Bf2 32. Nxd6+ 1-0

[Event "Olimpiade 2014 - Open"]
[Site "Tromsø"]
[Date "03.08.2014"]
[Round "2.62"]
[Board "3"]
[White "Goundar, Sanmogam"]
[Black "Mohannad, Farhan"]
[Result "0-1"]
[WhiteTitle "CM"]
[BlackTitle "FM"]
[WhiteElo "1952"]
[BlackElo "2321"]
[WhiteTeam "Fiji"]
[BlackTeam "Jordan"]
[WhiteFideId "11400110"]
[BlackFideId "8100918"]
[EventDate "2014.08.02"]

1. d4 Nf6 2. Nf3 g6 3. Nc3 d5 4. Bf4 Bg7 5. e3 O-O 6. Be2 Bf5 7. Ne5 Nbd7 8. g4
Be6 9. h4 c5 10. h5 Qa5 11. hxg6 fxg6 12. f3 cxd4 13. Qxd4 Ne8 14. O-O-O Nc7 15.
Bg3 b5 16. Nc6 Bxd4 17. Nxa5 Bxe3+ 18. Kb1 b4 19. Bxc7 bxc3 20. Nc6 Bc5 21. b4
Rac8 22. bxc5 Rxc7 23. Nxe7+ Kg7 24. c6 Nb6 25. Rd3 Rxe7 26. Rxc3 Rc7 27. Bb5
Rb8 28. Ka1 Nc4 29. Ba4 Rb4 30. Re1 Bf7 31. Bb3 Rxc6 32. Re7 Re6 0-1

[Event "Olimpiade 2014 - Open"]
[Site "Tromsø"]
[Date "03.08.2014"]
[Round "2.62"]
[Board "4"]
[White "Khader, Sami"]
[Black "Sikivou, Taione"]
[Result "1-0"]
[WhiteTitle "IM"]
[WhiteElo "2352"]
[BlackElo "1817"]
[WhiteTeam "Jordan"]
[BlackTeam "Fiji"]
[WhiteFideId "8100500"]
[BlackFideId "11400153"]
[EventDate "2014.08.02"]

1. e4 c6 2. Nf3 d5 3. exd5 cxd5 4. Ne5 a6 5. d4 Nc6 6. c3 Bf5 7. Qf3 Bg6 8. h4
Nxe5 9. dxe5 e6 10. Nd2 h6 11. h5 Bh7 12. Qf4 Ne7 13. Rh3 Nc6 14. Nb3 Qc7 15.
Re3 Be7 16. Qg4 Rg8 17. f4 g5 18. hxg6 Bxg6 19. g3 O-O-O 20. Bd2 h5 21. Qh3 Rh8
22. Bd3 Bxd3 23. Rxd3 Rdg8 24. O-O-O Rg4 25. Kb1 Kb8 26. Ka1 f5 27. exf6 Bxf6
28. Re1 Qf7 29. Nc5 Nd8 30. c4 b6 31. Nxa6+ Kb7 32. Nb4 Nc6 33. Nxc6 Kxc6 34.
Qh1 h4 35. Rxe6+ Kc7 36. Qxd5 1-0

[Event "Olimpiade 2014 - Open"]
[Site "Tromsø"]
[Date "03.08.2014"]
[Round "2.64"]
[Board "1"]
[White "Lee, Sanghoon"]
[Black "Chumfwa, Stanley"]
[Result "0-1"]
[WhiteTitle "FM"]
[BlackTitle "IM"]
[WhiteElo "2114"]
[BlackElo "2317"]
[WhiteTeam "South Korea"]
[BlackTeam "Zambia"]
[WhiteFideId "13200011"]
[BlackFideId "8700117"]
[EventDate "2014.08.02"]

1. c4 Nf6 2. g3 g6 3. Bg2 Bg7 4. Nc3 O-O 5. Nf3 d6 6. d4 c5 7. O-O Nc6 8. dxc5
dxc5 9. Be3 Be6 10. Qa4 Nd4 11. Rad1 Ng4 12. Nxd4 cxd4 13. Bxb7 Qb6 14. Bxa8
dxe3 15. f3 Nf2 16. Bd5 Nxd1 17. Nxd1 Bh3 18. Re1 Qd4 19. Nc3 Qd2 20. Qd1 Qxb2
21. Ne4 e6 22. Bc6 Qxa2 23. Qd3 a5 24. c5 a4 25. Bb5 a3 26. Bc4 Qb2 27. Rb1 Qd4
28. Rd1 Qxd3 29. Rxd3 Rb8 30. Rb3 Ra8 31. Rd3 a2 32. Bxa2 Rxa2 33. Rd1 Rxe2 34.
Ng5 Rg2+ 35. Kh1 Rd2 36. Re1 Bg2+ 37. Kg1 Bd4 38. c6 Bb6 39. Ne4 Bxf3 40. Nf6+
Kh8 0-1

[Event "Olimpiade 2014 - Open"]
[Site "Tromsø"]
[Date "03.08.2014"]
[Round "2.64"]
[Board "2"]
[White "Jere, Daniel"]
[Black "Kim, Inguh"]
[Result "1-0"]
[WhiteTitle "IM"]
[BlackTitle "CM"]
[WhiteElo "2405"]
[BlackElo "1829"]
[WhiteTeam "Zambia"]
[BlackTeam "South Korea"]
[WhiteFideId "8700249"]
[BlackFideId "13201204"]
[EventDate "2014.08.02"]

1. Nf3 d5 2. g3 c5 3. c4 e6 4. Bg2 Nf6 5. O-O Be7 6. cxd5 exd5 7. d4 Nc6 8. Nc3
O-O 9. dxc5 Bxc5 10. Bg5 d4 11. Bxf6 Qxf6 12. Nd5 Qd8 13. Nd2 Be6 14. Nf4 Bf5
15. Nd3 Bb6 16. Rc1 Re8 17. a3 Qd7 18. Re1 Rad8 19. Nb3 Qd6 20. Nbc5 Bc8 21. Qa4
Bxc5 22. Nxc5 Ne5 23. Nxb7 Bxb7 24. Bxb7 Qb6 25. Bg2 Qxb2 26. Qxa7 d3 27. exd3
Rxd3 28. Rb1 Qd2 29. Rxe5 1-0

[Event "Olimpiade 2014 - Open"]
[Site "Tromsø"]
[Date "03.08.2014"]
[Round "2.64"]
[Board "3"]
[White "Kim, Saebyeok"]
[Black "Mwali, Chitumbo"]
[Result "0-1"]
[BlackTitle "IM"]
[WhiteElo "1873"]
[BlackElo "2250"]
[WhiteTeam "South Korea"]
[BlackTeam "Zambia"]
[WhiteFideId "13200518"]
[BlackFideId "8700265"]
[EventDate "2014.08.02"]

1. e4 e5 2. Nf3 Nc6 3. d4 exd4 4. Nxd4 Nf6 5. Nc3 Bb4 6. Nxc6 bxc6 7. Bd3 d5 8.
exd5 cxd5 9. O-O O-O 10. Bg5 c6 11. Qf3 Bd6 12. Rfe1 Rb8 13. Na4 Rb4 14. b3 h6
15. Bxf6 Qxf6 16. Qxf6 gxf6 17. c4 Ba6 18. Rac1 dxc4 19. Bxc4 Bxc4 20. Rxc4 Rxc4
21. bxc4 Rb8 22. Nc3 Rb4 23. Ne4 Be5 24. Rc1 Rb2 25. g4 Rxa2 26. Rd1 Ra1 27.
Rxa1 Bxa1 28. Kf1 Be5 29. Ke2 Bxh2 30. Nxf6+ Kg7 31. Nd7 Bd6 32. c5 Bc7 33. Ke3
f5 34. f3 fxg4 35. fxg4 Kf7 36. Ke4 Ke7 37. Ne5 Bxe5 38. Kxe5 a5 0-1

[Event "Olimpiade 2014 - Open"]
[Site "Tromsø"]
[Date "03.08.2014"]
[Round "2.64"]
[Board "4"]
[White "Phiri, Richmond"]
[Black "Lee, Jun Hyeok"]
[Result "0-1"]
[WhiteTitle "FM"]
[WhiteElo "2121"]
[BlackElo "1884"]
[WhiteTeam "Zambia"]
[BlackTeam "South Korea"]
[WhiteFideId "8700443"]
[BlackFideId "13202340"]
[EventDate "2014.08.02"]

1. d4 Nf6 2. Nf3 g6 3. c4 Bg7 4. Nc3 d5 5. cxd5 Nxd5 6. e4 Nxc3 7. bxc3 c5 8.
Be3 Bg4 9. Be2 Nc6 10. e5 cxd4 11. cxd4 Qa5+ 12. Qd2 Qxd2+ 13. Kxd2 Rd8 14. Kc3
O-O 15. h3 Bxf3 16. gxf3 Rc8 17. Kb3 Rfd8 18. Rhd1 Na5+ 19. Kb4 Nc6+ 20. Ka3 Rc7
21. Rac1 Rcd7 22. Bb5 Bxe5 23. Bxc6 bxc6 24. dxe5 Rxd1 25. Rxc6 Rh1 26. Rc7 Rxh3
27. Rxe7 Rxf3 28. Rxa7 h5 29. Rc7 h4 30. Rc4 h3 31. Kb4 Kg7 32. a4 Rh8 33. Rc1
h2 34. Rh1 Rxe3 35. fxe3 g5 36. a5 g4 0-1

[Event "Olimpiade 2014 - Open"]
[Site "Tromsø"]
[Date "03.08.2014"]
[Round "2.65"]
[Board "1"]
[White "Nanjo, Ryosuke"]
[Black "De Mey, Juan Pablo"]
[Result "1-0"]
[WhiteTitle "CM"]
[BlackTitle "FM"]
[WhiteElo "2344"]
[BlackElo "1937"]
[WhiteTeam "Japan"]
[BlackTeam "Aruba"]
[WhiteFideId "7000634"]
[BlackFideId "15900312"]
[EventDate "2014.08.02"]

1. e4 c5 2. Nf3 d6 3. d4 cxd4 4. Nxd4 Nf6 5. Nc3 g6 6. Be2 Bg7 7. O-O O-O 8. Re1
Nc6 9. Nb3 Be6 10. Bg5 Re8 11. f4 Rc8 12. Bf3 Qb6+ 13. Kh1 Nb4 14. Bh4 a5 15.
Nd4 Bc4 16. a3 e5 17. axb4 exd4 18. bxa5 Qxb2 19. Na4 Qb5 20. Nb6 Rc6 21. Bxf6
Bxf6 22. e5 dxe5 23. Rb1 Rxb6 24. axb6 Qd7 25. fxe5 Bxe5 26. Qd2 Qe7 27. Qb4 Ba6
28. Qxe7 Rxe7 29. Ra1 f6 30. Ra5 Kg7 31. Rd5 Kf8 32. g4 Re6 33. Rxd4 Rxb6 34.
Rd7 Rb2 35. Be4 Rb4 36. Rxh7 Rd4 37. Bxg6 Bc4 38. Bf5 Bd5+ 39. Kg1 Rf4 40. Rd1
Bd4+ 41. Rxd4 Rxd4 42. Rd7 Ke8 43. c4 Rxc4 44. Rxd5 1-0